KOHA-Header-6

ORACLE .8 Develop PL/SQL Program Units (Student Guide Production 1.1) (Record no. 6041)

000 -LEADER
fixed length control field 00314nam a2200109Ia 4500
008 - FIXED-LENGTH DATA ELEMENTS--GENERAL INFORMATION
fixed length control field 190906s9999||||xx |||||||||||||| ||und||
100 ## - MAIN ENTRY--PERSONAL NAME
Personal name Ellen Gravina
245 #0 - TITLE STATEMENT
Title ORACLE .8 Develop PL/SQL Program Units (Student Guide Production 1.1)
260 ## - PUBLICATION, DISTRIBUTION, ETC. (IMPRINT)
Place of publication, distribution, etc New Jersey
Name of publisher, distributor, etc World Scientific
Date of publication, distribution, etc 1998
300 ## - PHYSICAL DESCRIPTION
Extent 386
942 ## - ADDED ENTRY ELEMENTS (KOHA)
Koha item type Books
Holdings
Withdrawn status Lost status Source of classification or shelving scheme Damaged status Not for loan Collection code Permanent Location Current Location Shelving location Date acquired Full call number Barcode Date last seen Price effective from Koha item type
          Computer Science MAJU MAJU   2019-09-06 332.21 3378 2019-09-06 2019-09-06 Computer Science

Powered by Koha